Penguin portrait : Allen Lane and the Penguin editors, 1935-1970 /

Saved in:
Bibliographic Details
Other Authors: Hare, Steve.
Format: Book
Language:English
Published: London, Eng. ; New York, NY : Penguin, 1995.
Subjects:
Tags: Add Tag
No Tags, Be the first to tag this record!
LEADER 01039cam a2200325Ia 4500
001 005754757-2
005 20020606163548.3
008 950906s1995 enka 001 0 eng d
010 |a gb 95069755  
015 |a GB95-69755 
020 |a 0140238522 :  |c £12.00 
035 0 |a ocm33085920 
035 0 |a ocm33085920  |z ocm33163553 
040 |a OUN  |c OUN  |d PIT  |d UKM  |d HLS 
043 |a e-uk--- 
082 0 4 |a 338.761070573092  |2 20 
090 |a Z325.P42  |b P46 1995 
245 0 0 |a Penguin portrait :  |b Allen Lane and the Penguin editors, 1935-1970 /  |c edited by Steve Hare. 
260 |a London, Eng. ;  |a New York, NY :  |b Penguin,  |c 1995. 
300 |a xvi, 368 p., [16] p. of plates :  |b ill. ;  |c 29 cm. 
500 |a Includes index. 
600 1 0 |a Lane, Allen,  |c Sir,  |d 1902-1970. 
610 2 0 |a Penguin (Firm)  |x History. 
650 0 |a Publishers and publishing  |z Great Britain  |x Biography. 
650 0 |a Editors  |z Great Britain  |x Biography. 
653 0 |a Publishing 
653 0 |a Great Britain 
700 1 |a Hare, Steve. 
988 |a 20020608 
906 |0 OCLC